000 00289nam a22001337a 4500
008 170602b xxu||||| |||| 00| 0 eng d
020 _a9780811709002
041 _aeng
080 _a94(100)
100 _a18
101 _aSHH
245 _aIN ENEMY HANDS
_cSWEDBERG,C
942 _2udc
_cBK
999 _c15829
_d15829